The industrial utility of public water supplies in the United States, (Record no. 26232)

MARC details
000 -LEADER
fixed length control field 00750cam a22002171 4500
001 - CONTROL NUMBER
control field gs 23000149
003 - CONTROL NUMBER IDENTIFIER
control field DLC
005 - DATE AND TIME OF LATEST TRANSACTION
control field 20260227111327.0
008 - FIXED-LENGTH DATA ELEMENTS--GENERAL INFORMATION
fixed length control field 790320s1923 xx 000 0 eng c
010 ## - LIBRARY OF CONGRESS CONTROL NUMBER
LC control number gs 23000149
035 ## - SYSTEM CONTROL NUMBER
System control number (OCoLC)4758824
040 ## - CATALOGING SOURCE
Original cataloging agency Library, U.S. Geological survey
Transcribing agency OCl
Modifying agency DLC
050 00 - LIBRARY OF CONGRESS CALL NUMBER
Classification number TC801
Item number .U2 no. 496
051 ## - LIBRARY OF CONGRESS COPY, ISSUE, OFFPRINT STATEMENT
Classification number TD223
Item number .C65 1923
100 1# - MAIN ENTRY--PERSONAL NAME
Personal name Collins, W. D.
Fuller form of name (William Dennis),
Dates associated with a name 1875-
245 14 - TITLE STATEMENT
Title The industrial utility of public water supplies in the United States,
Statement of responsibility, etc. by W. D. Collins.
260 ## - PUBLICATION, DISTRIBUTION, ETC.
Place of publication, distribution, etc. Washington,
Name of publisher, distributor, etc. Govt. print. off.,
Date of publication, distribution, etc. 1923.
300 ## - PHYSICAL DESCRIPTION
Extent iii, [1], 59 p.
Other physical details fold. map, tables.
Dimensions 23 cm.
490 0# - SERIES STATEMENT
Series statement U. S. Geological survey. Water-supply paper 496
650 #0 - SUBJECT ADDED ENTRY--TOPICAL TERM
Topical term or geographic name entry element Water-supply
Geographic subdivision United States.

No items available.

Powered by Koha